01763cam a2200361 a 450000100090000000300040000900500170001300800410003001000170007101500190008801600180010702000180012502000410014302000180018402000350020203500240023704000720026105000270033308200120036010000290037224501040040126000530050530000290055849000450058750400510063250503790068365000300106265000180109265000240111065000310113477601920116583000440135715843651OSt20150408114013.0090730s2010 njua b 001 0 eng  a 2009029065 aGBA9767652bnb7 a0153417122Uk a9780691090696 a06910900696 (hardcover : alk. paper) a9780691090696 a069109070X (pbk. : alk. paper) a(OCoLC)ocn318874926 aDLCbengcDLCdBTCTAdUKMdC#PdAGLdUAFdCDXdTTUdDEBBGdOCLdDLC00aQH541.15.E24bR58 201000a5772221 aRitchie, Mark E.,d1960-10aScale, heterogeneity, and the structure and diversity of ecological communities /cMark E. Ritchie. aPrinceton :bPrinceton University Press,cc2010. a229 p. :bill. ;c22 cm.1 aMonographs in population biology ;v[45] aIncludes bibliographical references and index.00tCommunity ecology lives --tThe geometry of heterogeneity --tScaling relationships for the consumption of resources --tFood, resources, and scale-dependent niches --tSize structure in ecological guilds --tHeterogeneity and patterns of species diversity --tBiodiversity conservation in fractal landscapes --tTesting the model --tPerspectives, caveats, and conclusions. 0aEcological heterogeneity. 0aBiodiversity. 0aBiotic communities. 0aAnimal population density.08iOnline version:aRitchie, Mark E., 1960-tScale, heterogeneity, and the structure and diversity of ecological communities.dPrinceton : Princeton University Press, c2010w(OCoLC)625055060 0aMonographs in population biology ;v45.